| 000 | 00373nam a22001337a 4500 | ||
|---|---|---|---|
| 082 |
_a621.4021 _bSAD _cL-12, P-29 |
||
| 100 |
_aSaden, Munir R. _941808 |
||
| 245 | _aEngineering thermodynamics | ||
| 260 |
_aUSA _bD. Van Nostrand Company, Inc. |
||
| 300 |
_axv, 216 p. : _bill. : _c8 Cm |
||
| 526 |
_a0 _b0 _c0 _d621_402100000000000_SAD |
||
| 650 |
_aMCE _9379 |
||
| 942 |
_2ddc _cBK |
||
| 999 |
_c545840 _d545840 |
||